l i thought about it (Chinese ) (Record no. 591790)

000 -LEADER
fixed length control field 00357nam a22001457a 4500
020 ## - INTERNATIONAL STANDARD BOOK NUMBER
International Standard Book Number 9787100017565
082 ## - DEWEY DECIMAL CLASSIFICATION NUMBER
Classification number 321.07
Author Mark GUO
100 ## - MAIN ENTRY--PERSONAL NAME
Personal name Plato
245 ## - TITLE STATEMENT
Title l i thought about it (Chinese )
Statement of responsibility, etc. Plato
260 ## - PUBLICATION, DISTRIBUTION, ETC.
Place of publication, distribution, etc. Oxford
Name of publisher, distributor, etc. Jowett and Campbell oxford
Date of publication, distribution, etc. 2016
300 ## - PHYSICAL DESCRIPTION
Extent 458p
563 ## - BINDING INFORMATION
Binding note PB
880 ## - ALTERNATE GRAPHIC REPRESENTATION
Linkage 245-02\r
Title 理想国 /
942 ## - ADDED ENTRY ELEMENTS (KOHA)
Source of classification or shelving scheme
Koha item type Book
Holdings
Withdrawn status Lost status Source of classification or shelving scheme Damaged status Not for loan Permanent Location Current Location Shelving location Date acquired Full call number Barcode Date last seen Price effective from Koha item type
          Central Library (CL) Central Library (CL) Chinese Studies 10/14/2022 321.07 GUO CL-D-2059 10/14/2022 10/14/2022 Book
© 2023 Central Library, National University of Sciences and Technology. All Rights Reserved.